Welcome to WEB OPAC of MRSPTU Central Library

A Textbook of Principles and Fundamentals in Pharmacology Volume-I (Record no. 7308)

MARC details
000 -LEADER
fixed length control field 00467nam a2200181Ia 4500
008 - FIXED-LENGTH DATA ELEMENTS--GENERAL INFORMATION
fixed length control field 230711s9999||||xx |||||||||||||| ||und||
020 ## - INTERNATIONAL STANDARD BOOK NUMBER
International Standard Book Number 978-93-81595-72-5
041 ## - LANGUAGE CODE
Language code of text/sound track or separate title ENG
082 ## - DEWEY DECIMAL CLASSIFICATION NUMBER
Classification number 615.1
Item number SA-P
100 ## - MAIN ENTRY--PERSONAL NAME
Personal name Sakarkar,D.M
245 #2 - TITLE STATEMENT
Title A Textbook of Principles and Fundamentals in Pharmacology Volume-I
250 ## - EDITION STATEMENT
Edition statement 2nd Ed.
260 ## - PUBLICATION, DISTRIBUTION, ETC.
Date of publication, distribution, etc. 2016
Place of publication, distribution, etc. Pune
Name of publisher, distributor, etc. Nirali Prakashan
300 ## - PHYSICAL DESCRIPTION
Extent 28.12p.
650 ## - SUBJECT ADDED ENTRY--TOPICAL TERM
Topical term or geographic name entry element Pharmacy
700 ## - ADDED ENTRY--PERSONAL NAME
Personal name Tembhurne,S.V
942 ## - ADDED ENTRY ELEMENTS (KOHA)
Koha item type Book
Holdings
Withdrawn status Lost status Damaged status Not for loan Collection Home library Current library Date acquired Source of acquisition Cost, normal purchase price Inventory number Total checkouts Full call number Barcode Date due Date last seen Date last checked out Price effective from Koha item type
          MRSPTU Central Library MRSPTU Central Library 10/03/2043 Krishna Book Distributors 350.00 KBD/2017-2018/1020743059 2 615.1 SA-P P1040 05/15/2026 04/24/2026 04/24/2026 08/17/2023 Book
          MRSPTU Central Library MRSPTU Central Library 10/03/2043 Krishna Book Distributors 350.00 KBD/2017-2018/1020743059 1 615.1 SA-P P1041   01/05/2024 01/05/2024 08/17/2023 Book
          MRSPTU Central Library MRSPTU Central Library 10/03/2043 Krishna Book Distributors 350.00 KBD/2017-2018/1020743059 2 615.1 SA-P P1042   02/10/2025 01/23/2025 08/17/2023 Book

Website Designed and Developed by MRSPTU Central Library Team

E-mail Id: librarian@mrsptu.ac.in